00257nam a22000857a 4500008004100000082002100041245005700062260004400119300000800163230621b xxu||||| |||| 00| 0 eng d a328.30bCPA 1993 aReport of the Commonwealth Parliamentary Association a ZimbabwebParliament of Zimbabwec1993 a32p